000 00834nam a2200277Ia 4500
003 OSt
005 20220927105746.0
006 a|||||r|||| 00| 0
007 ta
008 220926b |||||||| |||| 00| 0 eng d
020 _a9789211391558
024 _a204277
037 _cReference Collections
040 _aRTL
_cRTL
_beng
041 _2eng
_aeng
082 _a"X9(F5594):4.1.N8, M6;Q5/UN"
110 _aUNITED NATIONS
245 0 _aRecommendations on the transport of dangerous goods
_b Manual of tests and criteria
250 _a6 (revised)
260 _aNew
_b"York, United Nations, "
_c2015
300 _a504p
_ccm.
500 _aGlossary: P 557-70
700 _aUNITED NATIONS
942 _h"X9(F5594):4.1.N8, M6;Q5/UN"
_cCC
999 _c694447
_d694447